000 00361 a2200133 4500
999 _c324970
_d324970
001 89897
003 NUST
082 _a823.912 BLY
100 _aBlyton Grid
_99900
245 _aFive get into trouble
_bThe Famous Five
_cGrid Blyton
_hEnglish
260 _aLondon
_bHodder Children's Book
_c2010
300 _aviii, 212p.
500 _aGeneral Books
942 _aCAE NUST
_cBK
_k823.912 BLY
_2ddc